000 00493pab a2200169 454500
008 180718b1995 xxu||||| |||| 00| 0 eng d
100 _aNarasimha Reddy, D.
245 _aStructural adjustment and higher education
_ba threat to national capabilities.
260 _c1995
300 _ap.339-47
362 _aOct-Dec
650 _aStructural adjustment - India
650 _aEducation, Higher - India
650 _aEducation
773 _aIndian Journal of Social Science
909 _a31688
999 _c31688
_d31688